000 00600nam a2200193Ia 4500
001 19618
003 GE_BSU
008 181216s||||||||xx |||||||||||||| ||und||
040 _cGE_BSU
245 _aИнновации в образовании, №12 декабрь. 2016.
245 _cГл.ред.И.В. Сыромятников
260 _aМосква
260 _c2016
300 _a128стр. 25см.
653 _aИнновации в образовании. №12 декабрь. 2016.
653 _aგანათლება
653 _aპერიოდიკა
942 _cCR
999 _c52594
_d52594